Statistics for Family Feud: Name a House You Never Want to Be In

Click here to take the quiz!

General Stats

  • This quiz has been taken 68 times
  • The average score is 2 of 8

Answer Stats

HintAnswer% Correct
1Haunted house
70%
2Jail
46%
3Doghouse
34%
8Outhouse
23%
4Drug house
9%
6Glass house
9%
5Small house
9%
7Cat house
5%

Score Distribution

Percentile by Number Answered

Percent of People with Each Score

Your Score History

You have not taken this quiz